| 000 | 00770nam a2200241Ia 4500 | ||
|---|---|---|---|
| 003 | GCL | ||
| 008 | 140319s9999 xx 000 0 ara d | ||
| 020 | _a9084358977 | ||
| 040 |
_aGCL / _cGCL |
||
| 082 | 0 | 4 |
_a355.3434 _bم ح |
| 100 | 1 | _aمحمد منير حجاب | |
| 245 | 1 | 0 |
_aالحرب النفسية / _cمحمد منير حجاب |
| 250 | _aالاولى | ||
| 260 |
_aالقاهرة : _bدار الفجر للنشر والتوزيع ، _c2005 |
||
| 300 |
_a380 ص ؛ _c25 سم |
||
| 650 | 0 | 4 | _aالحرب النفسية |
| 650 | 0 | 4 | _aعلم النفس السياسى |
| 650 | 0 | 4 | _aالاشاعات |
| 650 | 0 | 4 | _aالروح المعنوية |
| 650 | 0 | 4 | _aالدعاية - الدولية |
| 650 | 0 | 4 | _aالاعلام العسكرى |
| 942 |
_2ddc _cBK |
||
| 999 |
_c44760 _d44760 |
||